| 000 | 00617nac a22001571u 4500 | ||
|---|---|---|---|
| 008 | 090318t1967 ua|||||r|||| 001 0dara d | ||
| 082 |
_a355.4 _bغ ا ل |
||
| 245 |
_aالاستراتيجية والسياسة الدولية/ _cبطرس بطرس غالى |
||
| 260 |
_aالقاهرة : _b1967، مكتبة الأنجلو مصرية _c1967 |
||
| 300 |
_a289ص ؛ _c24 سم. |
||
| 504 | _aيحتوي علي مراجع ببليوجرافية ص 275-282 | ||
| 511 | _aCatalogued by: Sara | ||
| 650 |
_aالردع العسكري _922271 |
||
| 650 |
_aالسياسة العسكرية _922272 |
||
| 942 |
_cBB _k355.4 غ ا ل _2ddc |
||
| 999 |
_c5661 _d5661 |
||